Andy Grove (Record no. 325007)

MARC details
000 -LEADER
fixed length control field 00497nam a2200169Ia 4500
008 - FIXED-LENGTH DATA ELEMENTS--GENERAL INFORMATION
fixed length control field 230718s9999 xx 000 0 und d
020 ## - INTERNATIONAL STANDARD BOOK NUMBER
International Standard Book Number 9780143066002
041 ## - LANGUAGE CODE
Language code of text/sound track or separate title eng
082 ## - DEWEY DECIMAL CLASSIFICATION NUMBER
Classification number 322.66'092
Item number TED
100 ## - MAIN ENTRY--PERSONAL NAME
Personal name Tedlow R.S.
9 (RLIN) 173504
245 ## - TITLE STATEMENT
Title Andy Grove
Remainder of title The Life And Times of An American Intel, Leadership And Life
260 ## - PUBLICATION, DISTRIBUTION, ETC. (IMPRINT)
Date of publication, distribution, etc. 2009
Name of publisher, distributor, etc. Penguin
300 ## - PHYSICAL DESCRIPTION
Extent 568
365 ## - TRADE PRICE
Currency code Rs.
Price amount 399.00
700 ## - ADDED ENTRY--PERSONAL NAME
Personal name Tedlow R.S.
9 (RLIN) 173504
906 ## - LOCAL DATA ELEMENT F, LDF (RLIN)
d O:0085605-Jun-2010B:408703-May-2010
c GENRL
b 79.8
Holdings
Withdrawn status Lost status Damaged status Not for loan Home library Current library Date acquired Vendor Budget Code Cost, normal purchase price Bill number Total Checkouts Full call number Barcode Date last seen Discount Cost, replacement price Bill Date Koha item type Original Barcode
        Cummins College of Engineering for Women Pune Cummins College of Engineering for Women Pune 05/06/2010 Tbs GENRL 319.20 4087   322.66'092 CCEP-BK-36214 18/07/2023 79.8 399.00 03/05/2010 Books 036214